00760nam a2200253 a 4500001001300000003000900013005001700022008004100039020002300080082001600103100001900119245002700138260006200165300001000227500003500237505001300272650002400285650001500309700001900324902000800343942000700351952013100358999001700489nice12345678IN_TiNIC20260116015102.0140814s1994 kuaa grp 000 0 eng  a9679920623 c20000a294.38bDHA aChammananda, K aTreasure of the Dhamma aKualalumpur, Malaysia bBuddhist Missionar Society c1994 a355p  aincludes index and biblioraphy2 aGlossary aBuddhism-Dhammapada aDhammapada1 aChammananda, K bSRS cBK 001040708StackRoom-aHMIbHMId2005-01-01g200.00l2o294.38 DHAp11002736r2022-07-29s2022-07-21v200.00w2014-08-14yBK c18252d18252